Hogyan készült egy tüntetés?
Elmentve itt :
| Dokumentumtípus: | Cikk |
|---|---|
| Megjelent: |
1923-03-21
|
| Sorozat: | Szeged
|
| Kulcsszavak: | Egyetemi hallgatók, 1923 |
| Online Access: | http://univ.bibl.u-szeged.hu/30801 |
| LEADER | 00428nab a2200157 i 4500 | ||
|---|---|---|---|
| 001 | univ30801 | ||
| 005 | 20171214105513.0 | ||
| 008 | 171214s1923 hu o 0|| zxx d | ||
| 040 | |a SZTE UnivHistória Repozitórium |b hun | ||
| 041 | |a zxx | ||
| 245 | 0 | 0 | |a Hogyan készült egy tüntetés? |h [elektronikus dokumentum] |
| 260 | |c 1923-03-21 | ||
| 300 | |a 3 | ||
| 490 | 0 | |a Szeged | |
| 561 | |a Egyetemi hirarchívum | ||
| 695 | |a Egyetemi hallgatók, 1923 | ||